Statistics for The Sound of Music Lyrics

Click here to take the quiz!

General Stats

  • This quiz has been taken 101 times
  • The average score is 50 of 67

Answer Stats

Answer% Correct
aAnd
93%
aOver
93%
Thea
92%
Theits
92%
thewill
92%
thewill
92%
theTo
92%
theI
92%
thebefore
92%
thenight
92%
ofI
88%
oflike
88%
ofa
88%
areon
87%
musica
87%
musiclark
87%
soundlike
87%
soundlaugh
87%
hillsway
85%
hillschurch
85%
withthe
85%
Withbrook
85%
withbreeze
85%
alivea
84%
Mywho
79%
mysing
79%
Myblessed
79%
Myhills
79%
heartwhen
78%
heartis
78%
heartwith
78%
heartthrough
78%
toto
78%
tosound
78%
toheart
78%
toheart
78%
singprey
76%
songgo
75%
forfalls
74%
fillTo
73%
thousandstones
73%
yearson
73%
havetrips
72%
songswhen
70%
sungand
70%
theyit
70%
likemusic
69%
likelonely
69%
wantsmy
69%
wantslearning
69%
wantsthe
69%
everyI
67%
itto
65%
beatis
62%
hearsthe
60%
Thatwhat
58%
thatsing
58%
wingsknow
55%
birdshear
52%
treesbe
51%
lakeMy
48%
fromheard
46%
Frommore
46%
fliesonce
43%
chimeill
40%
sighof
37%
riseive
34%

Score Distribution

Percentile by Number Answered

Percent of People with Each Score

Your Score History

You have not taken this quiz